| 000 | 00402cam a2200145ua 4500 | ||
|---|---|---|---|
| 041 |
_aeng _h |
||
| 082 |
_a828.09 _bSPI/CR |
||
| 100 | _aSpingaran, J E . | ||
| 245 |
_aCritical essays of the seventeeth century vol.1,1605-1650 / _cJ E Spingaran. _hTextual Documents |
||
| 260 |
_aCalcutta : _bOxford University Press , _c1957. |
||
| 300 | _a255 ; . | ||
| 504 | _a | ||
| 942 | _cBK | ||
| 999 |
_c4273 _d4273 |
||